| 000 | 00350nam a22001457a 4500 | ||
|---|---|---|---|
| 003 | SGT | ||
| 020 | _a9788173914904 | ||
| 082 |
_a302.23 _bB03G |
||
| 100 | _aGUPTA, OM | ||
| 245 | _aBASIC ASPECTS OF MEDIA WRITING | ||
| 260 |
_aNEW DELHI _bKanishka Publishers & Distributors _c2003 |
||
| 300 | _a107 | ||
| 650 | _aMASS COMMUNICATION | ||
| 942 |
_2ddc _cBK |
||
| 999 |
_c13146 _d13146 |
||